| 000 | 01020 a2200337 4500 | ||
|---|---|---|---|
| 005 | 20250805101027.0 | ||
| 008 | 250805b |||||||| |||| 00| 0 eng d | ||
| 041 | _aFr | ||
| 044 | _aCIV | ||
| 090 | _bDG/N/3080 | ||
| 100 | _aBAKAYOKO, Lassana | ||
| 100 | _aPOKOU, Desire | ||
| 100 | _aGBA, Kossia Manzan Karine | ||
| 100 | _aGNAPI, Diane Estelle | ||
| 100 | _aKOFFI, Okoma Mathurin | ||
| 110 | _aCentre National de Recherche Agronomique | ||
| 110 | _bCote d'Ivoire | ||
| 245 |
_aBien conditionner les feuilles de cafeier pour l'extraction de l'ADN genomique _b: Fiche Technique |
||
| 260 | _aAbidjan | ||
| 260 | _bCentre National de recherche Agronomique | ||
| 260 | _c2025 | ||
| 302 | _a p. | ||
| 388 | _a2025-08-05 | ||
| 650 |
_2AGROVOC _gCoffea |
||
| 650 |
_gFeuille _2AGROVOC |
||
| 650 |
_gExtraction _2AGROVOC |
||
| 650 |
_gADN _2AGROVOC |
||
| 650 |
_gGenomique _2AGROVOC |
||
| 650 |
_gConditionnement _2AGROVOC |
||
| 856 | _uhttps://ftech.byethost7.com/wp-content/uploads/2025/08/DGN3080.pdf | ||
| 999 |
_c5951 _d5951 |
||